| 000 | 004830000a22001930004500 | ||
|---|---|---|---|
| 001 | 575 | ||
| 003 | CO-MdFUSB | ||
| 005 | 20170616140637.0 | ||
| 008 | 170616b xxu||||| |||| 00| 0 eng d | ||
| 020 | _a958-04-7884-8 | ||
| 040 | _cCO-MdBIC | ||
| 082 | 0 | 4 | _a863C B862hj |
| 100 | 1 | _aKrischanitz, Raoul | |
| 245 | 1 | 0 | _aHámnster Jaime y la fiesta de cumpleaños / Raoul Krischanitz |
| 260 | _aBogotá: Norma | ||
| 300 | _a[26 P.] | ||
| 650 | 1 | 4 | _aLiteratura infantil |
| 942 | _cLGB | ||
| 999 |
_c47781 _d47781 |
||